[Event "2016 Frome Open"]
[Site "Frome ENG"]
[Date "2016.05.15"]
[Round "5.12"]
[White "Taylor, William J"]
[Black "French, Max"]
[Result "1-0"]
[WhiteElo "1993"]
[BlackElo "1923"]
[PlyCount "93"]
[EventDate "2016.05.13"]

1. e4 c6 2. d4 d5 3. Nd2 dxe4 4. Nxe4 Bf5 5. Ng3 Bg6 6. h4 h6 7. Nf3 Nd7 8. Bd3
Bxd3 9. Qxd3 e6 10. Bf4 Qa5+ 11. Bd2 Bb4 12. c3 Be7 13. O-O Ngf6 14. Rfe1 O-O
15. Nf5 Qxf5 16. Qxf5 exf5 17. Rxe7 Rfe8 18. Rae1 Rxe7 19. Rxe7 Re8 20. Rxe8+
Nxe8 21. Kf1 Nd6 22. Ke2 Kf8 23. b3 Ne4 24. Ne1 f6 25. f3 Nd6 26. c4 Kf7 27.
Nd3 g5 28. Bb4 Ke6 29. Nc5+ Nxc5 30. Bxc5 b6 31. Bxd6 Kxd6 32. h5 b5 33. g3 b4
34. f4 Kd7 35. Kd3 Kd6 36. c5+ Kd5 37. Ke3 g4 38. Kd3 a6 39. Ke3 Ke6 40. Kd2
Kd5 41. Kd3 a5 42. Ke3 Ke6 43. Kd2 Kd7 44. Kd3 Ke7 45. Kc4 Ke6 46. d5+ cxd5+
47. Kd4 1-0

[Event "2016 Frome Open"]
[Site "Frome ENG"]
[Date "2016.05.15"]
[Round "5.13"]
[White "Littleton, Mark"]
[Black "Bourne, Johnathan D"]
[Result "1-0"]
[WhiteElo "1848"]
[BlackElo "1970"]
[PlyCount "123"]
[EventDate "2016.05.13"]

1. d4 Nf6 2. Nf3 g6 3. Bg5 Bg7 4. Nbd2 d5 5. e3 Nbd7 6. Be2 h6 7. Bh4 O-O 8.
O-O c5 9. c3 b6 10. a4 Bb7 11. b4 Ne4 12. Nxe4 dxe4 13. Nd2 Qe8 14. bxc5 bxc5
15. Qb1 Rb8 16. Nxe4 cxd4 17. cxd4 e5 18. Nd6 Qe6 19. Nxb7 exd4 20. Ra3 Ne5 21.
exd4 Nc6 22. d5 Qxd5 23. Bf3 Qd7 24. Bxc6 Qxc6 25. Rb3 Qxa4 26. Bg3 Ra8 27. Nc5
Qd4 28. Na6 Qd7 29. Rd1 Qc6 30. Qa2 Rfd8 31. Rdb1 Rac8 32. h3 Rd4 33. Nb8 Qc5
34. Rb7 Rc4 35. Qxa7 Qd5 36. Rd7 Rc1+ 37. Rxc1 Rxc1+ 38. Kh2 Qe6 39. Qe3 Qxe3
40. fxe3 Rc3 41. Rd8+ Kh7 42. Re8 Bf6 43. Nd7 Bg7 44. Nf8+ Bxf8 45. Rxf8 Rxe3
46. Rxf7+ Kg8 47. Rc7 g5 48. h4 gxh4 49. Bxh4 Rd3 50. Bg3 Rb3 51. Bf4 Rb4 52.
g3 Rb6 53. Kh3 Rb1 54. Kg4 Rh1 55. Kf5 h5 56. Kg6 Kf8 57. Rh7 Rb1 58. Kxh5 Kg8
59. Ra7 Rb5+ 60. Bg5 Rd5 61. Kg6 Rd6+ 62. Bf6 1-0

[Event "2016 Frome Open"]
[Site "Frome ENG"]
[Date "2016.05.15"]
[Round "5.14"]
[White "Waterfield, John W"]
[Black "Appleby, Stephen"]
[Result "1/2-1/2"]
[WhiteElo "1956"]
[BlackElo "1899"]
[PlyCount "54"]
[EventDate "2016.05.13"]

1. e4 c5 2. Nf3 Nc6 3. c3 Nf6 4. e5 Nd5 5. Bc4 Nb6 6. Bb3 d5 7. exd6 Qxd6 8.
O-O Be6 9. Na3 Bxb3 10. axb3 e6 11. d4 cxd4 12. Nb5 Qd7 13. Nfxd4 Nxd4 14. Nxd4
Bc5 15. Be3 e5 16. Nf5 Bxe3 17. Nxe3 Qxd1 18. Rfxd1 O-O 19. Ra5 f6 20. c4 Rf7
21. c5 Nd7 22. Nc4 Re7 23. b4 a6 24. Kf1 Rc8 25. Nd6 Rc7 26. Ra3 g6 27. f3 Nf8
1/2-1/2

[Event "2016 Frome Open"]
[Site "Frome ENG"]
[Date "2016.05.15"]
[Round "5.15"]
[White "Abbott, Mark V"]
[Black "Turner, Joseph D"]
[Result "0-1"]
[WhiteElo "1855"]
[BlackElo "1877"]
[PlyCount "112"]
[EventDate "2016.05.13"]

1. d4 Nf6 2. c4 Nc6 3. Nf3 e6 4. Nc3 Bb4 5. e3 d5 6. a3 Be7 7. cxd5 exd5 8. Bd3
Bg4 9. h3 Bh5 10. Bd2 a6 11. Rc1 Bg6 12. Qc2 O-O 13. O-O Bd6 14. b4 Bxb4 15.
Bxg6 Bxc3 16. Bxf7+ Rxf7 17. Bxc3 Ne4 18. Qb3 Rxf3 19. gxf3 Ng5 20. Kg2 Qd7 21.
Rh1 Qf5 22. Qd1 Rf8 23. f4 Ne6 24. f3 Rf6 25. Qc2 Qh5 26. Qf2 g5 27. Rcg1 gxf4
28. Kf1+ Kf7 29. e4 dxe4 30. fxe4 Qb5+ 31. Kg2 Qd3 32. Qf3 Rg6+ 33. Kf2 Qxf3+
34. Kxf3 Nexd4+ 35. Bxd4 Nxd4+ 36. Kf2 Re6 37. Rc1 c6 38. Rhe1 Rh6 39. Rc3 Ke6
40. Rb1 b5 41. Rb4 Ke5 42. a4 a5 43. Rb1 Kxe4 44. axb5 cxb5 45. Re1+ Kd5 46.
Rd1 Re6 47. Rcd3 Re2+ 48. Kf1 Re4 49. Kf2 Kc4 50. Ra3 a4 51. Raa1 Nb3 52. Rab1
a3 53. Kf3 Re3+ 54. Kxf4 Rxh3 55. Re1 a2 56. Re4+ Kc3 0-1

[Event "2016 Frome Open"]
[Site "Frome ENG"]
[Date "2016.05.15"]
[Round "5.16"]
[White "Hickman, John E"]
[Black "Bartlett, Simon"]
[Result "1/2-1/2"]
[WhiteElo "1900"]
[BlackElo "1945"]
[PlyCount "26"]
[EventDate "2016.05.13"]

1. e4 c5 2. Nf3 Nc6 3. d3 g6 4. g3 Bg7 5. Bg2 d6 6. O-O Nf6 7. Re1 O-O 8. c3
Bg4 9. h3 Bd7 10. d4 cxd4 11. cxd4 d5 12. e5 Ne8 13. Nc3 Nc7 1/2-1/2

[Event "2016 Frome Open"]
[Site "Frome ENG"]
[Date "2016.05.15"]
[Round "5.17"]
[White "Shapland, Roy K"]
[Black "Hollands, George E"]
[Result "0-1"]
[WhiteElo "2012"]
[BlackElo "1750"]
[PlyCount "66"]
[EventDate "2016.05.13"]

1. d4 d5 2. c4 c6 3. Nf3 Nf6 4. Nc3 dxc4 5. a4 Bf5 6. e3 e6 7. Bxc4 Bb4 8. O-O
Nbd7 9. Bd3 Bg6 10. Qe2 O-O 11. e4 c5 12. e5 Bxc3 13. exf6 Bxd4 14. Nxd4 cxd4
15. Bxg6 hxg6 16. fxg7 Kxg7 17. Ra3 e5 18. f4 f6 19. Rh3 Rh8 20. Qf3 Rxh3 21.
Qxh3 e4 22. f5 e3 23. fxg6 Nf8 24. g4 Qe8 25. Qf3 Qc6 26. Qf5 Nxg6 27. g5 Rf8
28. h4 fxg5 29. Qxg5 Rxf1+ 30. Kxf1 Qxc1+ 31. Kg2 Qxb2+ 32. Kh3 Qe2 33. h5
Qxh5+ 0-1

[Event "2016 Frome Open"]
[Site "Frome ENG"]
[Date "2016.05.15"]
[Round "5.18"]
[White "Misyura, Ilya"]
[Black "McCook, Natashane"]
[Result "1-0"]
[WhiteElo "1902"]
[BlackElo "1637"]
[PlyCount "73"]
[EventDate "2016.05.13"]

1. d4 d5 2. c4 dxc4 3. e3 Nf6 4. Bxc4 e6 5. Nf3 Bd6 6. O-O Bd7 7. Nc3 O-O 8. e4
Bb4 9. Re1 b5 10. Bf1 Bc8 11. Bxb5 Bb7 12. Bd3 Nc6 13. Bc2 Re8 14. Bf4 Nh5 15.
Bg5 f6 16. Bh4 Nf4 17. e5 Be7 18. exf6 Bxf6 19. Bxf6 Qxf6 20. Be4 Rab8 21. Qa4
e5 22. Nxe5 Nxe5 23. Bxb7 Nfd3 24. Re2 Nf4 25. Re3 Nfd3 26. Ne4 Qb6 27. Bd5+
Kh8 28. dxe5 Nxe5 29. Rb3 Qg6 30. Ng3 Red8 31. Rxb8 Rxb8 32. Qxa7 Qb6 33. Qxb6
Rxb6 34. Re1 Rxb2 35. Rxe5 Rb1+ 36. Nf1 Rb8 37. Bc6 1-0

[Event "2016 Frome Open"]
[Site "Frome ENG"]
[Date "2016.05.15"]
[Round "5.19"]
[White "Snook-Lumb, Chris"]
[Black "Holton, Jake"]
[Result "0-1"]
[WhiteElo "1748"]
[BlackElo "1823"]
[PlyCount "48"]
[EventDate "2016.05.13"]

1. c4 e5 2. g3 Nf6 3. Bg2 Nc6 4. Nc3 Be7 5. d3 O-O 6. e4 d6 7. Nge2 Bg4 8. h3
Bh5 9. g4 Bg6 10. Be3 Qd7 11. Ng3 h6 12. Nf5 Bxf5 13. gxf5 Nd4 14. Qd2 Kh7 15.
O-O-O c6 16. Bxd4 exd4 17. Ne2 c5 18. Bf3 Rab8 19. Bg4 b5 20. cxb5 Qxb5 21. f4
Rb6 22. e5 dxe5 23. fxe5 Nxg4 24. hxg4 Bg5 0-1

[Event "2016 Frome Open"]
[Site "Frome ENG"]
[Date "2016.05.15"]
[Round "5.20"]
[White "Schmitz, Manuela"]
[Black "Jackson, Paul G"]
[Result "1-0"]
[WhiteElo "1903"]
[BlackElo "1917"]
[PlyCount "77"]
[EventDate "2016.05.13"]

1. d4 e6 2. Nf3 f5 3. d5 Nf6 4. dxe6 d5 5. g3 Bd6 6. Bg2 Bxe6 7. c3 c6 8. Bg5
Nbd7 9. Qb3 Qc7 10. Nd4 Nc5 11. Qc2 Qd7 12. Bxf6 gxf6 13. e3 Ne4 14. Nd2 O-O-O
15. N2f3 c5 16. Nxe6 Qxe6 17. Bh3 Kb8 18. Nh4 d4 19. Bxf5 d3 20. Qxd3 Nxf2 21.
Kxf2 Qg8 22. Qe2 h5 23. Rad1 Qg5 24. Qf3 Rhe8 25. Rhe1 c4 26. Be4 f5 27. Bxf5
Bc7 28. Rxd8+ Rxd8 29. Rd1 Re8 30. e4 Ka8 31. Kg2 Bb6 32. Qf4 Qe7 33. Nf3 Bc7
34. Qg5 Qf8 35. Rd7 Bb6 36. Bg6 Rc8 37. Qd5 Bc7 38. Bf5 Kb8 39. Rf7 1-0